| 000 | 00930nac a22002411u 4500 | ||
|---|---|---|---|
| 010 | _a 97001273 | ||
| 020 | _a0070016194 | ||
| 082 | 0 | 0 |
_a624.1838 _bAMS |
| 090 |
_c8213 _d8213 |
||
| 100 | _aAmstock, Joseph S. | ||
| 245 | 1 | 0 |
_aHandbook of glass in construction / _cJoseph S. Amstock. |
| 260 |
_aNew York : _bMcGraw-Hill,1997 _cc1997. |
||
| 300 |
_axv, 584 p. : _bill. ; _c24 cm. |
||
| 500 | _adistributer: Al-Ahram | ||
| 504 | _aIncludes bibliographical references and index. | ||
| 511 | _acatalogued by: wessam | ||
| 650 | 0 | _aGlass. | |
| 650 | 0 | _aGlass construction | |
| 856 | 4 | 2 |
_3Contributor biographical information _uhttp://www.loc.gov/catdir/bios/mh041/97001273.html |
| 856 | 4 | 2 |
_3Publisher description _uhttp://www.loc.gov/catdir/description/mh022/97001273.html |
| 856 | 4 | 2 |
_3Table of contents _uhttp://www.loc.gov/catdir/toc/mh022/97001273.html |
| 942 |
_cBB _k624.1838AMS |
||
| 999 |
_c8213 _d8213 |
||